ბათუმის შოთა რუსთაველის სახელმწიფო უნივერსიტეტის ბიბლიოთეკა

საქართველოს ეკონომიური ისტორია. წ. 1. (ბიბ.ჩანაწერი № 56704)

000 -LEADER
fixed length control field 00924nam a2200229Ia 4500
001 - CONTROL NUMBER
control field 23826
003 - CONTROL NUMBER IDENTIFIER
control field GE_BSU
008 - FIXED-LENGTH DATA ELEMENTS--GENERAL INFORMATION
fixed length control field 181216s||||||||xx |||||||||||||| ||und||
040 ## - CATALOGING SOURCE
Transcribing agency GE_BSU
080 ## - UNIVERSAL DECIMAL CLASSIFICATION NUMBER
Universal Decimal Classification number 94(479.22)+33(479.22)
100 ## - MAIN ENTRY--PERSONAL NAME
Personal name ჯავახიშვილი, ი.
245 ## - TITLE STATEMENT
Title საქართველოს ეკონომიური ისტორია. წ. 1.
250 ## - EDITION STATEMENT
Edition statement მე-2 ახლად დაწერილი გამოცემა 21 სურათით და 1 რუკით.
260 ## - PUBLICATION, DISTRIBUTION, ETC.
Place of publication, distribution, etc. ტფილისი
260 ## - PUBLICATION, DISTRIBUTION, ETC.
Name of publisher, distributor, etc. ქართული წიგნი
260 ## - PUBLICATION, DISTRIBUTION, ETC.
Date of publication, distribution, etc. 1930
300 ## - PHYSICAL DESCRIPTION
Extent გვ.428. 24სმ.
653 ## - INDEX TERM--UNCONTROLLED
Uncontrolled term საქართველოს ეკონომიკის ისტორია
653 ## - INDEX TERM--UNCONTROLLED
Uncontrolled term საქართველოს ეკონომიური ისტორია. წ. 1.
942 ## - ADDED ENTRY ELEMENTS (KOHA)
Koha item type წიგნი
ეგზემპლარები
Withdrawn status Lost status Damaged status Not for loan Date acquired Barcode Date last seen Price effective from Koha item type
        2018-12-17 28575 2018-12-17 2018-12-17 წიგნი